LEADER 01050nam a2200253 i 4500 001 000000071672 003 CaOOAMICUS 005 20081215000000.0 008 081215s1989 it u000 u ita u 013 $a42844 020 $a88-7030-928-2 040 $aSeMil$bita 100 1 $aFaggiotto, Pietro.$0(OLS)http://semarc/name/6496 245 10$aIntroduzione alla metafisica kantiana dell'analogia /$cPietro Faggiotto. 260 $aMilano :$bMassimo,$c1989. 300 $a160 p. ;$c20 cm. 490 0 $aScienze umane e filosofia ;$v29 650 4$aKant, Immanuel <1724-1804> - Metafisica.$0(OLS)http://semarc/subject/8776 830 0$aScienze umane e filosofia ;$v29.$0(OLS)http://semarc/title/10025 850 $aSeMil 852 $aSeMil$W1$xVenegono$y1$m2P IV 377$j37825$B37825$CSeMilBibl$Z2$F37828 $81 996 $6020$a88-7030-928-2$9(OLS)http://semarc/number/50812 996 $6245$aIntroduzione alla metafisica kantiana dell'analogia$9(OLS)http://semarc/title/115331 996 $6260$aMilano :$bMassimo$9(OLS)http://semarc/publisher/30297 LEADER 02109nam a2200349 i 4500 001 000000052180 003 CaOOAMICUS 005 20100730000000.0 008 100730s1983 it u000 u ita u 013 $a23352 040 $aSeMil$bita 100 1 $aBertuletti, Angelo,$d<1940- >.$0(OLS)http://semarc/name/18683 245 13$aIl sacramento della penitenza e la sua celebrazione /$cAngelo Bertuletti ... [et al.]. 260 $aBergamo :$bVelar,$c1983. 300 $a212 p. ;$c21 cm. 490 0 $aQuaderni di studi e memorie ;$v5 650 4$aPenitenza .$0(OLS)http://semarc/subject/3014 650 4$aPenitenza - Celebrazione.$0(OLS)http://semarc/subject/10782 774 0 $aBertuletti, Angelo <1940- >$tPer una determinazione del significato teologico del sacramento della Penitenza. Riflessioni teologico-fondamentali.$w()308365 774 0 $aBellini, Alberto $tSacramento della riconciliazione.$w()308366 774 0 $aBuzzetti, Carlo <1943- >$tMessaggio neotestamentario sul perdono dei peccati.$w()308367 774 0 $aRota Scalabrini, Patrizio$tPrassi penitenziale nella bibbia.$w()308368 774 0 $aOttolini, Enzo Valentino$tPeccati gravi e peccati quotidiani:Confessione integra o confessione generica?.$w()308369 774 0 $aDonghi, Antonio$tSignificato dell'Ordo poenitentiae nell'attuale prassi penitenziale.$w()308370 774 0 $aGervasoni, Maurizio $tSituazione culturale contemporaneoa e il senso di colpa.$w()308371 774 0 $aCasati, Lino$tCrisi nel senso del peccato e modelli sociali della colpa.$w()308372 774 0 $aColombo, Sergio$tPer una pratica migliore del sacramento della penitenza. Proposta teologico-pastorale.$w()308373 830 0$aQuaderni di studi e memorie ;$v5.$0(OLS)http://semarc/title/46 850 $aSeMil 852 $aSeMil$W1$xVenegono$y1$m2KA L 5$j230825$B18335$CSeMilBibl$Z2$F18336 $81 996 $6245$aIl sacramento della penitenza e la sua celebrazione$9(OLS)http://semarc/title/80035 996 $6260$aBergamo :$bVelar$9(OLS)http://semarc/publisher/35314